हिंदी शिक्षण विधियाँ / (Record no. 213231)

MARC details
000 -LEADER
fixed length control field 01072nam a22002057a 4500
005 - DATE AND TIME OF LATEST TRANSACTION
control field 20250902120349.0
010 ## - LCCN (DPL NO)
LC control number HIN-130315
020 ## - INTERNATIONAL STANDARD BOOK NUMBER
International Standard Book Number 9789390897322
Terms of availability 395.00
035 ## - SYSTEM CONTROL NUMBER
System control number HN-102661
037 ## - SOURCE OF ACQUISITION
Source of stock number/acquisition DBAD/PUB
082 ## - DEWEY DECIMAL CLASSIFICATION NUMBER
Classification number 420
100 ## - MAIN ENTRY--PERSONAL NAME
Personal name शर्मा, शिवमूर्ति
245 ## - TITLE STATEMENT
Title हिंदी शिक्षण विधियाँ /
Statement of responsibility, etc शिवमूर्ति शर्मा एवं पवित्रा शाह; स्मिता भवालकर द्वारा संपादित
260 ## - PUBLICATION, DISTRIBUTION, ETC. (IMPRINT)
Place of publication, distribution, etc नई दिल्ली
Name of publisher, distributor, etc नीलकमल पब्लिकेशन प्रा. लि. एजुकेशनल पब्लिशर्स
Date of publication, distribution, etc 2023
270 ## - ADDRESS
Address 4764/1,23,अंसारी रोड, दरयागंज
City नई दिल्ली
Postal code 110002
300 ## - PHYSICAL DESCRIPTION
Extent 406पृ.
Other physical details 24सेमी (अजिल्द)
700 ## - ADDED ENTRY--PERSONAL NAME
Personal name शाह, पवित्रा
9 (RLIN) 84464
700 ## - ADDED ENTRY--PERSONAL NAME
Personal name भवालकर, स्मिता
9 (RLIN) 84474
942 ## - ADDED ENTRY ELEMENTS (KOHA)
Source of classification or shelving scheme Dewey Decimal Classification
Item type Hindi Books
Classification part 420
Call number suffix शर्मा
Holdings
Withdrawn status Lost status Not for loan Collection code Home library Current library Date acquired Source of acquisition Cost, normal purchase price Full call number Barcode Copy number Cost, replacement price Koha item type
    Not For Loan Non-fiction D.B.Act.Division D.B.Act.Division 02/09/2025 DBAD 395.00 420 शर्मा HN-102661 1 395.00 Hindi Books

© Delhi Public Library
Hit Counter
free hit counter